000 00417nam a22001697a 4500
003 macl
005 20150524132140.0
008 150524b xxu||||| |||| 00| 0 eng d
040 _cmacl
041 _aEnglish
082 _a005
100 _aGupta,Shalini
_926
245 _aInternet and Web Teachnologies
260 _aNew Delhi
_bAnmol Publication PVT.
_c2014
650 _aComputer Science
_916
942 _2ddc
_cBK
999 _c49719
_d49719